[Event "Moscow op-F (Women)"]
[Site "Moscow"]
[Date "2011.02.02"]
[Round "5"]
[White "Artemenko, Rimma"]
[Black "Ivanova, Karina"]
[Result "0-1"]
[WhiteElo "1566"]
[BlackElo "1865"]
[PlyCount "52"]
[EventDate "2011.01.29"]
[EventType "swiss"]
[EventRounds "9"]
[EventCountry "RUS"]
[SourceTitle "CBM 140 Extra"]
[Source "ChessBase"]
[SourceDate "2011.03.01"]
[SourceVersion "1"]
[SourceVersionDate "2011.03.01"]
[SourceQuality "1"]

1. d4 Nf6 2. Nf3 e6 3. Bf4 Be7 4. e3 0-0 5. Bd3 d5 6. h3 c5 7. c3 Nc6 8. Nbd2 b6 9. Ne5 Bb7 10. Ndf3 Rc8 11. Rc1 c4 12. Bb1 b5 13. Nxc6 Bxc6 14. Ne5 Qb6 15. Nxc6 Rxc6 16. a3 a5 17. 0-0 b4 18. axb4 axb4 19. Bg5 bxc3 20. bxc3 Ba3 21. Rc2 Ne4 22. Qg4 f5 23. Qf4 h6 24. Bxh6 gxh6 25. Qxh6 e5 26. Qg6+ Rxg6 0-1

[Event "PriFR-ch (Women) 10th"]
[Site "Perm"]
[Date "2011.01.05"]
[Round "3"]
[White "Chekmareva, Liya"]
[Black "Artemenko, Rimma"]
[Result "1-0"]
[WhiteElo "1718"]
[BlackElo "1566"]
[PlyCount "39"]
[EventDate "2011.01.04"]
[EventType "swiss"]
[EventRounds "9"]
[EventCountry "RUS"]
[SourceTitle "EXT 2022"]
[Source "ChessBase"]
[SourceDate "2021.10.06"]
[SourceVersion "1"]
[SourceVersionDate "2021.10.06"]
[SourceQuality "1"]

1. e4 e6 2. d4 b6 3. Nf3 Bb7 4. Nc3 Bb4 5. Bd3 Nf6 6. Qe2 h6 7. a3 Bxc3+ 8. bxc3 0-0 9. 0-0 d6 10. Rd1 Qc8 11. h3 Nbd7 12. Bf4 Re8 13. c4 Nf8 14. e5 dxe5 15. Nxe5 Rd8 16. Ng4 Nxg4 17. Qxg4 Kh8 18. Qh5 f5 19. d5 Kg8 20. Re1 1-0

[Event "Perm op 04"]
[Site "Perm"]
[Date "2010.04.24"]
[Round "3"]
[White "Artemenko, Rimma"]
[Black "Dolgii, Viacheslav"]
[Result "1-0"]
[WhiteElo "1577"]
[BlackElo "2286"]
[PlyCount "177"]
[EventDate "2010.04.22"]
[EventType "swiss"]
[EventRounds "9"]
[EventCountry "RUS"]
[SourceTitle "EXT 2012"]
[Source "ChessBase"]
[SourceDate "2011.11.24"]
[SourceVersion "1"]
[SourceVersionDate "2011.11.24"]
[SourceQuality "1"]

1. e4 c6 2. d4 d5 3. Nc3 dxe4 4. Nxe4 Bf5 5. Nc5 Qc7 6. Bd3 Bxd3 7. Nxd3 e6 8. Nf3 Nd7 9. 0-0 Bd6 10. b3 Ngf6 11. Bb2 0-0 12. c4 Rad8 13. Qe2 Rfe8 14. Rad1 Qa5 15. a3 Qh5 16. Rfe1 Qf5 17. Nde5 h6 18. h3 Nf8 19. Qd3 Qxd3 20. Rxd3 N6d7 21. Rde3 f6 22. Nd3 Kf7 23. Nd2 Bc7 24. Ne4 Rb8 25. Ndc5 Nxc5 26. Nxc5 Bb6 27. Ne4 Rbd8 28. c5 Bc7 29. b4 Ng6 30. g3 Ne7 31. Rb3 Nf5 32. b5 Re7 33. bxc6 bxc6 34. Rb7 Ba5 35. Rxe7+ Kxe7 36. Rd1 e5 37. Kf1 Nxd4 38. Bxd4 Rxd4 39. Rxd4 exd4 40. Ke2 Ke6 41. Kd3 Kd5 42. Nd6 Kxc5 43. Nf5 Bc3 44. Nxg7 Kd5 45. Ne8 f5 46. Nc7+ Ke5 47. f4+ Kd6 48. Ne8+ Ke7 49. Ng7 Kf6 50. Nh5+ Kg6 51. g4 c5 52. Ng3 fxg4 53. hxg4 Bb2 54. a4 Ba3 55. Ne4 a5 56. f5+ Kf7 57. Kc4 Ke7 58. Kb3 Bb4 59. Kc4 Kf7 60. Kd3 Kg7 61. Kc4 Kf7 62. Kd3 Kg7 63. Kc4 Kh7 64. Kd3 Kg8 65. Kc4 Kf8 66. Kd3 Ke7 67. Kc4 Kd7 68. Nf2 Kd6 69. Ne4+ Ke5 70. Nf2 Ba3 71. Nd3+ Kf6 72. Nf2 h5 73. Ne4+ Ke5 74. f6 Ke6 75. gxh5 Bc1 76. Nxc5+ Kxf6 77. Nb3 Bb2 78. Nxa5 Bc3 79. Nc6 Kg5 80. Nxd4 Ba5 81. Kb5 Bc3 82. Nc6 Kxh5 83. Nb4 Kg5 84. a5 Bd4 85. Kc6 Kf6 86. Nd5+ Kf7 87. Nb6 Ke8 88. a6 Kd8 89. a7 1-0

[Event "Privolzhskogo FO-ch (Women)"]
[Site "Izhevsk"]
[Date "2010.01.05"]
[Round "3"]
[White "Rashitova, Gulnara"]
[Black "Artemenko, Rimma"]
[Result "1-0"]
[WhiteElo "1838"]
[BlackElo "1590"]
[PlyCount "69"]
[EventDate "2010.01.04"]
[EventType "swiss"]
[EventRounds "9"]
[EventCountry "RUS"]
[SourceTitle "CBM 134 Extra"]
[Source "ChessBase"]
[SourceDate "2010.03.03"]
[SourceVersion "1"]
[SourceVersionDate "2010.03.03"]
[SourceQuality "1"]

1. e4 c5 2. Nf3 Nf6 3. e5 Nd5 4. c4 Nc7 5. d4 cxd4 6. Nxd4 Nc6 7. Nxc6 bxc6 8. Nc3 g6 9. Bd3 Bg7 10. Qe2 Ne6 11. 0-0 0-0 12. f4 Rb8 13. Be3 Qc7 14. Kh1 Ba6 15. f5 Nd8 16. f6 exf6 17. exf6 Bh8 18. Bf4 d6 19. Bh6 Ne6 20. Bxf8 Kxf8 21. Qd2 Kg8 22. Rae1 Qd8 23. Qf2 Qd7 24. h4 Re8 25. h5 Nc5 26. Bb1 Bxc4 27. Rxe8+ Qxe8 28. Re1 Be6 29. Ne4 Nxe4 30. Rxe4 Qb8 31. hxg6 hxg6 32. Rh4 Qb6 33. Rxh8+ Kxh8 34. Qh4+ Kg8 35. Qh6 1-0

[Event "RUS-ch Seniors (Women)"]
[Site "Lesnoj Gorodok"]
[Date "2009.10.04"]
[Round "2"]
[White "Milashevskaja, Valentina"]
[Black "Artemenko, Rimma"]
[Result "1/2-1/2"]
[WhiteElo "1835"]
[BlackElo "1567"]
[PlyCount "27"]
[EventDate "2009.10.03"]
[EventType "swiss"]
[EventRounds "9"]
[EventCountry "RUS"]
[SourceTitle "CBM 132 Extra"]
[Source "ChessBase"]
[SourceDate "2009.11.03"]
[SourceVersion "1"]
[SourceVersionDate "2009.11.03"]
[SourceQuality "1"]

1. Nf3 Nf6 2. g3 b5 3. Bg2 Bb7 4. 0-0 e6 5. a3 c5 6. d3 Be7 7. e4 d6 8. Bg5 0-0 9. b3 Nbd7 10. Nbd2 h6 11. Bxf6 Bxf6 12. Ra2 Bc3 13. Nb1 Bf6 14. Nbd2 1/2-1/2